| 000 | 00609nam a2200217Ia 4500 | ||
|---|---|---|---|
| 003 | OSt | ||
| 005 | 20220925191126.0 | ||
| 006 | a|||||r|||| 00| 0 | ||
| 007 | ta | ||
| 008 | 220923b |||||||| |||| 00| 0 eng d | ||
| 037 | _cGeneral Book | ||
| 040 |
_aRTL _cRTL _beng |
||
| 041 |
_2eng _aeng |
||
| 082 | _aX724:(Z2).N6<--N68, K9 | ||
| 100 |
_aMehta V G _9129760 |
||
| 245 | 0 | _aIncome-Tax ready reckoner 1968-69 | |
| 260 |
_aBombay _bCourp House Dhobi Talco _c1969 |
||
| 300 |
_a256p _ccm. |
||
| 942 |
_hX724:(Z2).N6<--N68, K9 _cGB _2CC |
||
| 999 |
_c517304 _d517304 |
||